Defensa de la iglesia y de su patrimonio / (Record no. 185555)

MARC details
000 -LEADER
campo de control de longitud fija 00708nam a2200205 i 4500
001 - NÚMERO DE CONTROL
campo de control 185555
003 - IDENTIFICADOR DE NÚMERO DE CONTROL
campo de control ES-MaACL
005 - FECHA Y HORA DE LA ÚLTIMA TRANSACCIÓN
campo de control 20230906222450.0
008 - DATOS DE LONGITUD FIJA--INFORMACIÓN GENERAL
campo de control de longitud fija 160711s1951 ck |||| | spa d
100 1# - ENTRADA PRINCIPAL--NOMBRE DE PERSONA
Nombre de persona Yépez, José Macario.
9 (RLIN) 160131
245 10 - MENCIÓN DEL TÍTULO
Título Defensa de la iglesia y de su patrimonio /
Mención de responsabilidad, etc. José Macario Yépez.
250 ## - MENCION DE EDICION
Mención de edición Ed. conmemorativa del IV centenario de la ciudad de Barquisimeto.
260 ## - PUBLICACIÓN, DISTRIBUCIÓN, ETC.
Lugar de publicación, distribución, etc. [Caracas] :
Nombre del editor, distribuidor, etc. Edit. Ávila Gráfica,
Fecha de publicación, distribución, etc. [1951]
300 ## - DESCRIPCIÓN FÍSICA
Extensión 262 p. ;
Dimensiones 22 cm.
490 1# - MENCIÓN DE SERIE
Mención de serie Biblioteca de Cultura Larense ;
Designación de volumen o secuencia 4
650 #4 - PUNTO DE ACCESO ADICIONAL DE MATERIA--TÉRMINO DE MATERIA
Término de materia o nombre geográfico como elemento de entrada Patrimonio eclesiástico.
9 (RLIN) 136669
830 0# - PUNTO DE ACCESO ADICIONAL DE SERIE-TÍTULO UNIFORME
Título uniforme Biblioteca de Cultura Larense ;
Designación de volumen o secuencia 4
9 (RLIN) 192343
852 ## - LOCALIZACIÓN
Ubicación ES-MaACL
Número de control de estantería E-3441
Holdings
Estatus retirado Estado de pérdida Estado de daño No para préstamo Biblioteca de origen Biblioteca actual Ubicación en estantería Fecha de adquisición Fuente de adquisición Total de préstamos Signatura topográfica completa Código de barras Visto por última vez Precio de reemplazo Tipo de ítem Koha
        Biblioteca del Ateneo de Madrid Biblioteca del Ateneo de Madrid Depósito 2 11/07/2016     E-3441 1195567 23/02/2023 23/02/2023 Libro impreso